Common Knowledge (for Quiztakers) #2 - Statistics

General Stats
  • This quiz has been taken 155 times
  • The average score is 11 of 19
Answer Stats
Hint Answer % Correct
Second largest country in the world Canada
86%
At 720, 500 sq. km. this country has the secondly largest amount of inland surface water area Russia
82%
Mention the Third Reich, and almost everyone thinks of this individual Adolf Hitler
79%
The Chinese make the most automobiles but most people know this country still manufactures almost as many despite ideas to the contrary` United States
77%
When people think of excellent science education in Asia, they usually think of this country but its only the second best in Asia behind Singapore Japan
75%
Second largest South American country Argentina
72%
At 4,776,980 sq. km. this country has the second largest forested area Brazil
71%
When asked for countries with the largest net exports (highest positive trade balance), almost all can name this large manufacturing country despite the fact its actually third behind Germany and Russia China
71%
Born in Scotland, died in the US, invented the telephone while in Canada Alexander Graham Bell
64%
"All the world's a stage" "To be or not to be" William Shakespeare
61%
After Germany, quiz takers seem to recall this more recent invasion and occupation by the US Iraq
57%
Largest city in Quebec and second largest in Canada Montreal
54%
The US has military bases in approximately 30 countries, 90% of quiz takers knew US forces were located in this country probably realizing their so-called special relationship United Kingdom
52%
Capital of the above Brasilia
50%
Other than Real Madrid, the other Spanish soccer club everyone seems to know FC Barcelona
49%
99% of quiz takers seem to think he should be in the top ten list of US presidents and they are right. He is number one . Abraham Lincoln
48%
Second to China, this country executed 1,663 persons between 2007 and 2012 Iran
40%
Other than French, 90% of quiz takers knew of this ethnic group in Canada. Its rather odd though in that its not the English and they are only ranked 8th. Chinese
21%
Other than the Netherlands, this European country is also known for futility at the final four in FIFA World Cup Sweden
21%
No matching quizzes found
Score Distribution
Percent of People with Each Score
Percentile by Number Answered
Your Score History
You have not taken this quiz